Flags With Tools/Weapons - Statistics

General Stats
  • This quiz has been taken 10 times
  • The average score is 15 of 16
Answer Stats
Picture Answer % Correct
Andorra
100%
Angola
100%
Barbados
100%
Kenya
100%
Saudi Arabia
100%
Sri Lanka
100%
Vatican City
100%
Eswatini
90%
Guatemala
90%
Moldova
90%
Montenegro
90%
Mozambique
90%
Belize
80%
Ecuador
80%
Haiti
70%
Oman
70%
No matching quizzes found
Score Distribution
Percent of People with Each Score
Percentile by Number Answered
Your Score History
You have not taken this quiz